000
00391nam a2200145Ia 4500
008
230917s9999||||xx |||||||||||||| ||und||
040
_e
171514
_a
MAIN
041
_a
English
082
_a
891.432741 SJ23A
100
_a
शर्मा, जगदीश
245
0
_a
अजगर
260
_a
जयपुर
_b
साहित्यगार
_c
1955
300
_a
44 पृ. p.
942
_c
HN
999
_c
96357
_d
96357